[Event "Druga liga CS - zapad 2014"]
[Site "Sabac"]
[Date "2014.09.27"]
[Round "5.1"]
[White "Colovic, Dusan"]
[Black "Marjanovic, Dejan**"]
[Result "1-0"]
[WhiteElo "2364"]
[BlackElo "2369"]
[PlyCount "37"]
[EventDate "2014.09.25"]

1. d4 d5 2. Nc3 Nf6 3. Bf4 e6 4. e3 a6 5. a3 c5 6. Nf3 Nc6 7. Be2 Bd6 8. Bg5 h6
9. Bh4 cxd4 10. exd4 b5 11. O-O Bb7 12. Bd3 O-O 13. Re1 Rc8 14. Qd2 Be7 15. Bg3
Nd7 16. Bh4 g5 17. Bg3 Bd6 18. Be5 Ndxe5 19. dxe5 1-0

[Event "Druga liga CS - zapad 2014"]
[Site "Sabac"]
[Date "2014.09.27"]
[Round "5.2"]
[White "Misic, Dragan"]
[Black "Jevdjovic, Milorad"]
[Result "1/2-1/2"]
[WhiteElo "2269"]
[BlackElo "2267"]
[PlyCount "26"]
[EventDate "2014.09.25"]

1. d4 Nf6 2. Nf3 g6 3. g3 Bg7 4. Bg2 O-O 5. O-O d6 6. c4 Nbd7 7. Nc3 e5 8. dxe5
dxe5 9. Qc2 c6 10. e4 Re8 11. b3 Qc7 12. Bb2 Nc5 13. h3 Nfd7 1/2-1/2

[Event "Druga liga CS - zapad 2014"]
[Site "Sabac"]
[Date "2014.09.27"]
[Round "5.4"]
[White "Ignjatovic, Predrag"]
[Black "Baralic, Nebojsa"]
[Result "1-0"]
[WhiteElo "2286"]
[BlackElo "2267"]
[PlyCount "95"]
[EventDate "2014.09.25"]

1. e4 c6 2. d4 d5 3. Nd2 dxe4 4. Nxe4 Bf5 5. Ng3 Bg6 6. Nf3 Nd7 7. h4 h6 8. h5
Bh7 9. Bd3 Bxd3 10. Qxd3 Qc7 11. Bd2 e6 12. O-O-O Ngf6 13. Kb1 Bd6 14. Ne4 Nxe4
15. Qxe4 Nf6 16. Qe2 O-O-O 17. c4 Rhe8 18. Ne5 Re7 19. f4 c5 20. Bc3 Nd7 21.
Qe3 f6 22. Ng6 Ree8 23. Rhe1 cxd4 24. Bxd4 Bc5 25. a3 Bxd4 26. Rxd4 Nb6 27. c5
Rxd4 28. Qxd4 Qd7 29. Qxd7+ Nxd7 30. Nh4 Kd8 31. b4 f5 32. Nf3 Nf6 33. Rh1 a5
34. Kb2 axb4 35. axb4 Ne4 36. Rd1+ Kc7 37. Rd4 Nf6 38. b5 Rd8 39. Kc3 Nxh5 40.
Ra4 Rd5 41. Kc4 Nxf4 42. Nd4 g6 43. Nxe6+ Nxe6 44. Kxd5 Ng5 45. Ra8 Ne4 46. b6+
Kd7 47. Rb8 Nf6+ 48. Kc4 1-0

[Event "Druga liga CS - zapad 2014"]
[Site "Sabac"]
[Date "2014.09.27"]
[Round "5.5"]
[White "Sevic, Slobodan"]
[Black "Savic, Dragan"]
[Result "0-1"]
[WhiteElo "2178"]
[BlackElo "2109"]
[PlyCount "124"]
[EventDate "2014.09.25"]

1. e4 e6 2. d4 d5 3. Nd2 Nf6 4. e5 Nfd7 5. Bd3 c5 6. c3 Nc6 7. Ne2 Qb6 8. Nf3
f6 9. exf6 Nxf6 10. O-O Bd6 11. b3 O-O 12. h3 e5 13. dxe5 Nxe5 14. Nxe5 Bxe5
15. Bf4 Bxf4 16. Nxf4 Qd6 17. Qd2 Kh8 18. Ne2 Bd7 19. Rad1 Rae8 20. Ng3 g6 21.
Be2 Bc6 22. Bf3 Re5 23. Rfe1 Rfe8 24. Rxe5 Qxe5 25. a3 Ne4 26. Bxe4 dxe4 27.
Nf1 Kg7 28. Ne3 Re7 29. Qd6 Qxd6 30. Rxd6 Rd7 31. Rxd7+ Bxd7 32. Kf1 Be6 33. c4
Kf6 34. Ke2 Ke5 35. Kd2 g5 36. Kc3 h5 37. Kd2 b6 38. a4 a6 39. Kc3 Bf7 40. Kd2
Be8 41. Kc3 Bc6 42. Kd2 Bd7 43. Kc3 Be6 44. Kd2 b5 45. axb5 axb5 46. cxb5 Bxb3
47. Kc3 Be6 48. Nc4+ Kd5 49. Na5 h4 50. b6 Kd6 51. b7 Kc7 52. Kd2 Bd5 53. Kc3
e3 54. f3 c4 55. Kc2 Kb8 56. Kc3 Be6 57. Kc2 Bf5+ 58. Kc3 Bd3 59. Nc6+ Kxb7 60.
Ne5 Bf1 61. Ng4 e2 62. Kd2 c3+ 0-1

[Event "Druga liga CS - zapad 2014"]
[Site "Sabac"]
[Date "2014.09.27"]
[Round "5.6"]
[White "Nenadovic, Ljubisa"]
[Black "Puaca, Goran"]
[Result "0-1"]
[WhiteElo "2190"]
[BlackElo "2164"]
[PlyCount "76"]
[EventDate "2014.09.25"]

1. d4 d6 2. c4 e5 3. Nf3 Nd7 4. e4 c6 5. Nc3 Be7 6. Be2 Ngf6 7. O-O O-O 8. h3
h6 9. Be3 Re8 10. Qc2 Qc7 11. Rad1 Nf8 12. Rfe1 Ng6 13. Bf1 Nh5 14. g3 Be6 15.
d5 cxd5 16. cxd5 Bd7 17. Rc1 Reb8 18. Qd1 Qd8 19. Nxe5 Nxe5 20. Qxh5 b5 21. f4
Nc4 22. Bxc4 bxc4 23. Rc2 Bf6 24. Ree2 Qa5 25. Bc1 Bxc3 26. bxc3 Rb1 27. Re1
Ba4 28. Qe2 Bxc2 29. Qxc2 Ra1 30. a3 Rb8 31. Kg2 Rb3 32. Re3 Rbb1 33. Re1 Qb5
34. Kf3 Qb3 35. Qd2 Ra2 36. Qe3 Rc2 37. Bd2 Rbb2 38. Rd1 Rxc3 0-1

[Event "Druga liga CS - zapad 2014"]
[Site "Sabac"]
[Date "2014.09.27"]
[Round "5.7"]
[White "Markovic, Aleksandar**"]
[Black "Marjanovic, Ivan D**"]
[Result "1/2-1/2"]
[WhiteElo "2155"]
[BlackElo "1749"]
[PlyCount "110"]
[EventDate "2014.09.25"]

1. e4 c6 2. d4 d5 3. e5 Bf5 4. h4 Qb6 5. Ne2 h5 6. Ng3 Bg6 7. Be2 Nh6 8. Nxh5
Nf5 9. c3 Bxh5 10. Bxh5 g6 11. Bg4 Rxh4 12. Rxh4 Nxh4 13. g3 Nf5 14. Qc2 e6 15.
Bf4 c5 16. Bxf5 gxf5 17. dxc5 Bxc5 18. Kf1 Nd7 19. Kg2 O-O-O 20. a4 Kb8 21. Nd2
a6 22. Nf3 Ka8 23. Rh1 Nf8 24. Bg5 Rc8 25. Rh8 Qc7 26. Qe2 Ng6 27. Rh7 Rh8 28.
Rxh8+ Nxh8 29. Bf6 Ng6 30. Qd2 Qd7 31. b3 Be7 32. c4 Bxf6 33. exf6 d4 34. Qxd4
Qxd4 35. Nxd4 Ne5 36. Nf3 Ng4 37. Ng5 Nxf6 38. Nxf7 Ne4 39. Nd8 Nc5 40. b4 Nxa4
41. Nxe6 Nb2 42. Nd4 Nxc4 43. Nxf5 Ne5 44. Ne3 Nd3 45. Nc2 b5 46. f4 Kb7 47.
Kf3 Kc7 48. Ke4 Nf2+ 49. Ke5 Kd7 50. f5 Ke7 51. Kf4 Kf6 52. g4 Nd3+ 53. Ke4
Nf2+ 54. Kf4 Nd3+ 55. Ke4 Nf2+ 1/2-1/2

[Event "Druga liga CS - zapad 2014"]
[Site "Sabac"]
[Date "2014.09.27"]
[Round "5.2"]
[White "Brkljaca, Ante"]
[Black "Savicevic, Vlatko"]
[Result "1/2-1/2"]
[WhiteElo "2315"]
[BlackElo "2346"]
[PlyCount "21"]
[EventDate "2014.09.25"]

1. d4 Nf6 2. Nf3 e6 3. c4 d5 4. Nc3 Be7 5. Bg5 h6 6. Bh4 O-O 7. e3 b6 8. Bxf6
Bxf6 9. cxd5 exd5 10. Qb3 Be6 11. Rd1 1/2-1/2

[Event "Druga liga CS - zapad 2014"]
[Site "Sabac"]
[Date "2014.09.27"]
[Round "5.3"]
[White "Biljanic, Ljubomir"]
[Black "Sorgic, Dragan"]
[Result "1-0"]
[WhiteElo "2350"]
[BlackElo "2255"]
[PlyCount "91"]
[EventDate "2014.09.25"]

1. d4 Nf6 2. c4 g6 3. Nc3 Bg7 4. e4 d6 5. Nf3 O-O 6. Be2 e5 7. d5 a5 8. O-O Na6
9. Ne1 Ne8 10. Nd3 f5 11. a3 Nc5 12. Nxc5 dxc5 13. Be3 b6 14. f3 Bd7 15. b3 Nd6
16. Qd2 Qe7 17. Bg5 Bf6 18. Bxf6 Rxf6 19. Bd3 f4 20. Qb2 Rff8 21. Be2 h5 22.
Nd1 g5 23. Nf2 Kh7 24. Nd3 Rae8 25. Kf2 g4 26. Ke1 Rg8 27. Kd2 a4 28. Kc2 axb3+
29. Qxb3 Ra8 30. a4 Ra5 31. Nb2 Rg5 32. Qc3 Qg7 33. Kb3 Kh6 34. Rae1 h4 35. Qc2
Ra8 36. fxg4 Bxg4 37. Bxg4 Rxg4 38. Re2 Rg8 39. Rff2 h3 40. gxh3 Rh4 41. Qc3
Rh5 42. Ka2 Qh7 43. Rf1 Nxe4 44. Qe1 Nf6 45. Rxe5 Qc2 46. Rf2 1-0

[Event "Druga liga CS - zapad 2014"]
[Site "Sabac"]
[Date "2014.09.27"]
[Round "5.4"]
[White "Nikolic, Dragovan"]
[Black "Djosic, Slavoljub"]
[Result "1-0"]
[WhiteElo "2258"]
[BlackElo "2240"]
[PlyCount "131"]
[EventDate "2014.09.25"]

1. d4 Nf6 2. Nf3 g6 3. Bf4 Bg7 4. e3 O-O 5. Be2 b6 6. Nbd2 Bb7 7. h3 d6 8. O-O
Nbd7 9. a4 a6 10. c3 Re8 11. Qb1 e5 12. Bg5 h6 13. Bxf6 Qxf6 14. Rd1 e4 15. Nh2
Qe7 16. Qa2 Kh7 17. Bc4 f5 18. Nhf1 Nf6 19. Ng3 h5 20. Ndf1 d5 21. Bb3 h4 22.
Ne2 g5 23. c4 c6 24. cxd5 cxd5 25. Rdc1 Bh6 26. Qa3 Qd7 27. a5 Bf8 28. Qa2 b5
29. Rc2 Rac8 30. Rac1 Rxc2 31. Rxc2 Bd6 32. Nc3 Bb8 33. Qa3 Bd6 34. Qa2 g4 35.
hxg4 Rg8 36. f4 exf3 37. gxf3 fxg4 38. f4 Bb4 39. Rh2 h3 40. Ne2 Qc7 41. Qb1+
Ne4 42. Neg3 Re8 43. Bc2 Kg8 44. Bxe4 dxe4 45. Qd1 Qd7 46. Qb3+ Bd5 47. Qxb4
Rc8 48. Qe1 b4 49. Qxb4 Rc1 50. Qb8+ Kf7 51. Qe5 Qb5 52. Qh5+ Kf8 53. Qh8+ Kf7
54. Qh7+ Ke8 55. Qg6+ Kd8 56. Qxg4 Qd3 57. Qe2 Qb1 58. Qxa6 Bc4 59. Qf6+ Kc7
60. Qe7+ Kc6 61. Rf2 Bxf1 62. Nxf1 Rxf1+ 63. Rxf1 h2+ 64. Kxh2 Qxf1 65. Qxe4+
Kb5 66. f5 1-0

[Event "Druga liga CS - zapad 2014"]
[Site "Sabac"]
[Date "2014.09.27"]
[Round "5.5"]
[White "Dikic, Veljko**"]
[Black "Cirakovic, Ivan"]
[Result "0-1"]
[WhiteElo "1980"]
[BlackElo "2179"]
[PlyCount "116"]
[EventDate "2014.09.25"]

1. e4 c5 2. Nc3 Nc6 3. Bb5 Nd4 4. Bc4 e6 5. d3 Ne7 6. Nge2 d5 7. Bb3 Nxb3 8.
axb3 dxe4 9. Nxe4 Nd5 10. O-O Be7 11. f4 b6 12. N2g3 g6 13. Nc3 Bb7 14. Qe2 O-O
15. Nge4 Qd7 16. Bd2 Nb4 17. Be1 Nc6 18. Bf2 Rfe8 19. Qd2 f5 20. Ng3 e5 21. Be3
Bf6 22. Rae1 Nd4 23. fxe5 Bxe5 24. Bf4 Bg7 25. h4 Rxe1 26. Rxe1 Re8 27. Rxe8+
Qxe8 28. Nge2 Qc6 29. Nxd4 Bxd4+ 30. Kf1 Qe8 31. Nd1 Qe6 32. Be3 Bg7 33. Bh6
Bh8 34. Bf4 Bc6 35. Qe3 Qxe3 36. Bxe3 Be5 37. Kf2 f4 38. Bd2 Kf7 39. Bc3 Ke6
40. Bxe5 Kxe5 41. g3 Kf5 42. gxf4 Kxf4 43. Ne3 h6 44. c3 Bb7 45. Nc4 Bc8 46.
Nd6 Bd7 47. Ne4 Bf5 48. Nd6 Kg4 49. d4 cxd4 50. cxd4 Kxh4 51. d5 Kg5 52. Nf7+
Kf6 53. Nxh6 Ke5 54. d6 Kxd6 55. Nf7+ Kc5 56. Ne5 a5 57. Nc4 Bc2 58. Nd2 Kb4
0-1

[Event "Druga liga CS - zapad 2014"]
[Site "Sabac"]
[Date "2014.09.27"]
[Round "5.6"]
[White "Vojinovic, Luka**"]
[Black "Kuzmanovic, Aleksa**"]
[Result "1-0"]
[WhiteElo "2047"]
[BlackElo "1813"]
[PlyCount "58"]
[EventDate "2014.09.25"]

1. d4 Nf6 2. c4 e6 3. Nc3 Bb4 4. f3 d5 5. a3 Bxc3+ 6. bxc3 c5 7. cxd5 Nxd5 8.
Bd2 Nf6 9. e3 O-O 10. Bd3 Nc6 11. f4 b6 12. Nf3 Bb7 13. O-O Rc8 14. Qe2 Rc7 15.
Rfd1 Rd7 16. Bc1 Qe7 17. Bb1 Rfd8 18. Ne5 Rc7 19. Bb2 cxd4 20. cxd4 Nb8 21. e4
Ba6 22. Bd3 Bxd3 23. Rxd3 Rdc8 24. Rd2 Qe8 25. f5 Qa4 26. Ra2 exf5 27. exf5 Nc6
28. Qf3 Ne7 29. d5 Rc2 {neèitko} 1-0

[Event "Druga liga CS - zapad 2014"]
[Site "Sabac"]
[Date "2014.09.27"]
[Round "5.6"]
[White "Rajevic, Gavrilo"]
[Black "Ivanovic, Lazar*"]
[Result "1/2-1/2"]
[WhiteElo "2268"]
[BlackElo "1976"]
[PlyCount "61"]
[EventDate "2014.09.25"]

1. e4 c5 2. Nf3 d6 3. d4 cxd4 4. Nxd4 Nf6 5. Nc3 g6 6. Be3 Bg7 7. f3 Nc6 8. Qd2
O-O 9. g4 Be6 10. Nxe6 fxe6 11. O-O-O Qc8 12. h4 Ne5 13. Be2 Rb8 14. h5 b5 15.
hxg6 hxg6 16. Bh6 b4 17. Na4 Nf7 18. Bxg7 Kxg7 19. b3 Rh8 20. g5 Nh5 21. f4 Ng3
22. Rxh8 Nxe2+ 23. Qxe2 Qxh8 24. Qg4 Qh2 25. Nb2 Rc8 26. Nc4 Rc5 27. Kb2 d5 28.
exd5 exd5 29. Rd2 Qh5 30. Qxh5 gxh5 31. Ne3 1/2-1/2

[Event "Druga liga CS - zapad 2014"]
[Site "Sabac"]
[Date "2014.09.27"]
[Round "5.8"]
[White "Zdravkovic, Dragan N"]
[Black "Adzic, Momcilo"]
[Result "1-0"]
[WhiteElo "2200"]
[BlackElo "2253"]
[PlyCount "87"]
[EventDate "2014.09.25"]

1. e4 c5 2. f4 d6 3. Nf3 Nf6 4. d3 Nc6 5. c3 g6 6. Be2 Bg7 7. O-O O-O 8. Qe1 c4
9. h3 cxd3 10. Bxd3 Rb8 11. g4 b5 12. a3 a5 13. b4 h5 14. f5 hxg4 15. hxg4 Nh7
16. Qh4 Ne5 17. Ra2 g5 18. Nxg5 Nxg5 19. Bxg5 f6 20. Be3 Rf7 21. Rh2 Kf8 22.
Be2 Ke8 23. Bd4 Kd7 24. Nd2 Ba6 25. Qf2 Rf8 26. Bxe5 fxe5 27. Qa7+ Bb7 28.
Bxb5+ Kc8 29. g5 Ra8 30. Qe3 Ba6 31. Bxa6+ Rxa6 32. b5 Rb6 33. Rh7 Rg8 34. Nc4
Rb7 35. b6 Rb8 36. Rb1 Qd7 37. Qd3 Qc6 38. a4 Kd7 39. Rxg7 Qc5+ 40. Kf1 Rxg7
41. Rb5 Qc8 42. Nxe5+ Ke8 43. Ng6 Kd8 44. e5 {neèitko} 1-0

[Event "Druga liga CS - zapad 2014"]
[Site "Sabac"]
[Date "2014.09.27"]
[Round "5.2"]
[White "Lukic, Predrag"]
[Black "Kahrovic, Mersid"]
[Result "0-1"]
[WhiteElo "2241"]
[BlackElo "2281"]
[PlyCount "128"]
[EventDate "2014.09.25"]

1. d4 Nf6 2. c4 e6 3. Nc3 d5 4. Bg5 Be7 5. e3 c6 6. Nf3 Nbd7 7. Bd3 dxc4 8.
Bxc4 Nd5 9. Bxe7 Qxe7 10. O-O O-O 11. e4 Nxc3 12. bxc3 Rd8 13. Re1 Nb6 14. Bb3
Bd7 15. Qd2 c5 16. Qf4 cxd4 17. cxd4 Ba4 18. h4 Rac8 19. Re3 Qc7 20. Qg4 Bxb3
21. axb3 a6 22. Rd1 Nd7 23. e5 Qc2 24. Ne1 Qf5 25. Qxf5 exf5 26. d5 Nb6 27. d6
Rc5 28. Rd4 Nd7 29. Nd3 Rb5 30. b4 a5 31. bxa5 Rxa5 32. Rb4 b6 33. f4 Ra3 34.
Kf2 Rc8 35. Ne1 Ra1 36. Nd3 h6 37. Rb2 Rc4 38. g3 Rh1 39. Kg2 Rd1 40. Nf2 Ra1
41. Ree2 Kf8 42. Rbd2 Ra8 43. Ra2 Rxa2 44. Rxa2 Rc8 45. g4 fxg4 46. Nxg4 Rb8
47. Ra7 Nc5 48. Ne3 b5 49. Nd5 g6 50. Nb4 Ne6 51. Kf3 Rc8 52. d7 Rc5 53. h5
gxh5 54. f5 Ng5+ 55. Kg2 Ke7 56. f6+ Kd8 57. Rb7 h4 58. e6 Nxe6 59. Na6 Rg5+
60. Kh3 Nc5 61. Nxc5 Rxc5 62. Kxh4 Rf5 63. Kg4 Rxf6 64. Rxb5 Kxd7 0-1

[Event "Druga liga CS - zapad 2014"]
[Site "Sabac"]
[Date "2014.09.27"]
[Round "5.3"]
[White "Mrsevic, Miroslav"]
[Black "Tomic, Miroslav Lj"]
[Result "1-0"]
[WhiteElo "2275"]
[BlackElo "2176"]
[PlyCount "57"]
[EventDate "2014.09.25"]

1. e4 c6 2. Nf3 d5 3. Nc3 Bg4 4. h3 Bxf3 5. Qxf3 e6 6. d3 Qf6 7. Qe2 Bb4 8. e5
Qg6 9. a3 Ba5 10. Bd2 Nd7 11. O-O-O Ne7 12. g4 b5 13. f4 Rb8 14. Qf2 c5 15. d4
c4 16. b4 Bc7 17. Ne2 O-O 18. Ng3 f5 19. Be2 Bb6 20. Rdg1 fxg4 21. hxg4 Nxe5
22. Bd1 Qh6 23. fxe5 Rxf2 24. Bxh6 Bxd4 25. Bxg7 Ng6 26. Bf6 a5 27. Ne2 Be3+
28. Kb1 Kf7 29. Rf1 1-0

[Event "Druga liga CS - zapad 2014"]
[Site "Sabac"]
[Date "2014.09.27"]
[Round "5.4"]
[White "Bajevic, Branko"]
[Black "Dumic, Marko"]
[Result "0-1"]
[WhiteElo "2147"]
[BlackElo "2262"]
[PlyCount "54"]
[EventDate "2014.09.25"]

1. c4 f5 2. d4 Nf6 3. Nc3 e6 4. g3 d5 5. Nf3 c6 6. Bg2 Bd6 7. O-O O-O 8. b3 Bd7
9. Bb2 Be8 10. Qc2 Ne4 11. Ne1 Nd7 12. Nd3 g5 13. f3 Nxc3 14. Bxc3 f4 15. gxf4
gxf4 16. Bh3 Rf6 17. Nf2 Rh6 18. Qd2 Qh4 19. e4 fxe3 20. Qxe3 Bf4 21. Qe2 Kh8
22. Kh1 Bh5 23. Rg1 Rf8 24. Rg2 Bxh2 25. Kxh2 Bxf3 26. Qe3 Bxg2 27. Kxg2 Rxf2+
0-1

[Event "Druga liga CS - zapad 2014"]
[Site "Sabac"]
[Date "2014.09.27"]
[Round "5.5"]
[White "Brajovic, Miroljub"]
[Black "Lazic, Miodrag"]
[Result "1/2-1/2"]
[WhiteElo "2130"]
[BlackElo "2040"]
[PlyCount "56"]
[EventDate "2014.09.25"]

1. e4 c5 2. c3 d5 3. exd5 Qxd5 4. d4 e6 5. Nf3 Nf6 6. Be2 Be7 7. O-O O-O 8. Qc2
Nc6 9. Rd1 cxd4 10. Nxd4 Nxd4 11. Rxd4 Qa5 12. Nd2 e5 13. Nb3 Qc7 14. Rd1 h6
15. h3 Be6 16. Bf3 Rac8 17. Be3 b5 18. Nd2 a5 19. a3 Rfd8 20. Nf1 b4 21. axb4
Rxd1 22. Qxd1 axb4 23. Ra7 Qd6 24. Qxd6 Bxd6 25. Ra8 Rxa8 26. Bxa8 Nd5 27. Bxd5
Bxd5 28. cxb4 Bxb4 1/2-1/2

[Event "Druga liga CS - zapad 2014"]
[Site "Sabac"]
[Date "2014.09.27"]
[Round "5.6"]
[White "Leontic, Ivica*"]
[Black "Musovic, Sabrija"]
[Result "1/2-1/2"]
[WhiteElo "2047"]
[BlackElo "2106"]
[PlyCount "54"]
[EventDate "2014.09.25"]

1. d4 d5 2. c4 c6 3. cxd5 cxd5 4. Nc3 Nf6 5. Bf4 Nc6 6. e3 a6 7. Bd3 e6 8. Nge2
b5 9. Rc1 Bb7 10. O-O Bd6 11. Nb1 Nb4 12. Qb3 Nxd3 13. Qxd3 Ne4 14. Rc2 O-O 15.
f3 Bxf4 16. Nxf4 Nd6 17. b3 b4 18. Qd2 a5 19. Nd3 Ba6 20. Rfc1 h5 21. Nc5 Bb5
22. a3 Rb8 23. a4 Be8 24. Qe2 Rb6 25. Nd2 Qe7 26. Qd3 g5 27. e4 Kg7 1/2-1/2

[Event "Druga liga CS - zapad 2014"]
[Site "Sabac"]
[Date "2014.09.27"]
[Round "5.4"]
[White "Bojovic, Dusan*"]
[Black "Pantelic, Sasa"]
[Result "1/2-1/2"]
[WhiteElo "2294"]
[BlackElo "2314"]
[PlyCount "115"]
[EventDate "2014.09.25"]

1. e4 c5 2. Nf3 d6 3. d4 cxd4 4. Nxd4 Nf6 5. Nc3 g6 6. Be3 Bg7 7. f3 O-O 8. Qd2
Nc6 9. O-O-O d5 10. Kb1 Nxd4 11. e5 Nf5 12. exf6 exf6 13. Bf2 d4 14. g4 Qa5 15.
Nb5 Qxd2 16. Rxd2 Ne3 17. Be2 f5 18. Nxd4 f4 19. Nb5 b6 20. Nc7 Rb8 21. Bxe3
fxe3 22. Rd3 Bb7 23. Rxe3 Rbc8 24. Nb5 Rfe8 25. Rxe8+ Rxe8 26. Bc4 Bxf3 27. Rf1
Re7 28. g5 Bg2 29. Rd1 Be5 30. Re1 Kf8 31. Nxa7 Bb7 32. Nb5 Bxh2 33. Rf1 Bf4
34. a4 Bxg5 35. Nd6 f6 36. b4 h5 37. a5 bxa5 38. bxa5 h4 39. a6 Bg2 40. Rd1 h3
41. Nc8 Rc7 42. Nb6 h2 43. Bd5 Bxd5 44. Nxd5 Ra7 45. Rh1 Rxa6 46. Rxh2 Rd6 47.
c4 Kf7 48. Kc2 Ke6 49. Kd3 Rxd5+ 50. cxd5+ Kxd5 51. Rg2 Ke5 52. Rg4 Kf5 53. Rg1
Bf4 54. Ke2 g5 55. Kf3 Kg6 56. Rg4 Be5 57. Re4 Kh5 58. Ra4 {necitko} 1/2-1/2

[Event "Druga liga CS - zapad 2014"]
[Site "Sabac"]
[Date "2014.09.27"]
[Round "5.4"]
[White "Radovanovic, Jovica"]
[Black "Toth, Aleksandar*"]
[Result "1/2-1/2"]
[WhiteElo "2284"]
[BlackElo "2326"]
[PlyCount "99"]
[EventDate "2014.09.25"]

1. d4 d5 2. c4 e6 3. Nf3 Nf6 4. g3 dxc4 5. Bg2 Bb4+ 6. Bd2 a5 7. O-O O-O 8. Bg5
Nc6 9. e3 h6 10. Bxf6 Qxf6 11. Nbd2 e5 12. d5 Ne7 13. Nxc4 Ng6 14. Nfd2 Bd7 15.
Ne4 Qa6 16. a3 Bd6 17. Qb3 b5 18. Ncxd6 cxd6 19. Rfc1 Rfc8 20. Bf1 f5 21. Rc6
Bxc6 22. dxc6+ Kh7 23. Nxd6 Rxc6 24. Nxf5 Rf6 25. Bd3 Kh8 26. Rc1 Qb7 27. Qc2
Rd8 28. Be4 Qd7 29. b4 axb4 30. axb4 Ne7 31. Nxe7 Qxe7 32. Qc5 Qf7 33. Rf1 Qc4
34. Qxc4 bxc4 35. Rc1 Rc8 36. b5 g5 37. Bc6 Rfxc6 38. bxc6 Rxc6 39. Kg2 g4 40.
h3 h5 41. hxg4 hxg4 42. f3 e4 43. fxg4 Kg7 44. Kf2 Kg6 45. Ke2 c3 46. Rf1 Kg5
47. Kd1 c2+ 48. Kc1 Kxg4 49. Rf4+ Kxg3 50. Rxe4 1/2-1/2

[Event "Druga liga CS - zapad 2014"]
[Site "Sabac"]
[Date "2014.09.27"]
[Round "5.4"]
[White "Krstic, Petar*"]
[Black "Jesic, Dusan"]
[Result "0-1"]
[WhiteElo "2326"]
[BlackElo "2364"]
[PlyCount "85"]
[EventDate "2014.09.25"]

1. e4 c5 2. Nc3 Nc6 3. f4 e6 4. Nf3 d5 5. Bb5 Nge7 6. exd5 exd5 7. Qe2 Qd6 8.
d4 Bg4 9. dxc5 Qxc5 10. Be3 Bxf3 11. Bxc5 Bxe2 12. Nxe2 Nf5 13. Bxf8 Rxf8 14.
O-O-O O-O-O 15. g3 Rfe8 16. Rhe1 Ne3 17. Rd2 Nc4 18. Bxc4 dxc4 19. Rxd8+ Nxd8
20. Kd2 Nc6 21. Nc3 Rxe1 22. Kxe1 Nd4 23. Kd2 Kd7 24. h3 h6 25. Ne4 Kc6 26. c3
Kd5 27. Nf2 Nf5 28. g4 Nd6 29. Ke3 b5 30. Kf3 a5 31. Nd1 b4 32. Ne3+ Kc5 33.
Nd1 bxc3 34. bxc3 Kb5 35. Ke3 Ka4 36. Kd4 Ka3 37. Ne3 Kxa2 38. Kc5 Kb3 39. Nd5
a4 40. Kxd6 a3 41. Nb4 Kxc3 42. Kc5 Kb3 43. g5 0-1

[Event "Druga liga CS - zapad 2014"]
[Site "Sabac"]
[Date "2014.09.27"]
[Round "5.4"]
[White "Begus, Drasko"]
[Black "Jovanovic, Miroslav O*"]
[Result "1/2-1/2"]
[WhiteElo "2327"]
[BlackElo "2066"]
[PlyCount "43"]
[EventDate "2014.09.25"]

1. d4 d5 2. Nf3 c6 3. g3 Nf6 4. Bg2 Bf5 5. O-O h6 6. b3 e6 7. Bb2 Bd6 8. c4
Nbd7 9. Nc3 O-O 10. Nd2 Re8 11. e3 Rc8 12. Rc1 Qe7 13. c5 Bc7 14. f4 Ba5 15. a3
Bxc3 16. Bxc3 Ne4 17. Nf3 Bg4 18. Bb2 f5 19. Qd3 Bxf3 20. Bxf3 Ndf6 21. Kg2 Kh8
22. Rh1 1/2-1/2

[Event "Druga liga CS - zapad 2014"]
[Site "Sabac"]
[Date "2014.09.27"]
[Round "5.4"]
[White "Urosevic, Zoran"]
[Black "Djukic, Sasa"]
[Result "1/2-1/2"]
[WhiteElo "2226"]
[BlackElo "1966"]
[PlyCount "20"]
[EventDate "2014.09.25"]

1. e4 Nf6 2. e5 Nd5 3. d4 d6 4. Nf3 Nc6 5. c4 Nb6 6. exd6 cxd6 7. Be2 g6 8. O-O
Bg7 9. Be3 O-O 10. Nc3 Bg4 1/2-1/2

[Event "Druga liga CS - zapad 2014"]
[Site "Sabac"]
[Date "2014.09.27"]
[Round "5.4"]
[White "Bojovic, Zoran"]
[Black "Dragojevic, Marija*"]
[Result "1-0"]
[WhiteElo "2083"]
[BlackElo "1915"]
[PlyCount "85"]
[EventDate "2014.09.25"]

1. e4 g6 2. d4 d6 3. Nf3 Bg7 4. Nc3 Bg4 5. Bc4 e6 6. Be3 Nc6 7. Be2 Nf6 8. h3
Bxf3 9. Bxf3 O-O 10. Qe2 a6 11. O-O-O Qe7 12. g4 b5 13. e5 Nd5 14. Nxd5 exd5
15. Bxd5 Nb4 16. Bxa8 Rxa8 17. Bd2 dxe5 18. a3 Nd5 19. dxe5 b4 20. axb4 Nxb4
21. f4 Rb8 22. Qc4 c5 23. Rhe1 Qb7 24. Bc3 a5 25. Bxb4 cxb4 26. b3 Rc8 27. Qe4
Qc7 28. Qd3 Qc6 29. Re4 Qb6 30. Rc4 Ra8 31. Qd4 Qa6 32. Qd6 Qa7 33. Qc5 Qb7 34.
Qc6 Qa7 35. Rcd4 Rf8 36. g5 h6 37. h4 Kh7 38. R1d3 Qe7 39. Rd7 Qe8 40. R3d5 Qb8
41. Qc7 Qa8 42. Qb7 Qe8 43. Re7 1-0

[Event "Druga liga CS - zapad 2014"]
[Site "Sabac"]
[Date "2014.09.27"]
[Round "5.4"]
[White "Bojicic, Andjela**"]
[Black "Radenkovic, Aleksa**"]
[Result "1-0"]
[WhiteElo "1811"]
[BlackElo "1960"]
[PlyCount "59"]
[EventDate "2014.09.25"]

1. d4 d5 2. c4 c6 3. cxd5 cxd5 4. Nc3 Nf6 5. Bf4 Qb6 6. e3 Bd7 7. Qc2 e6 8. Bd3
Nc6 9. a3 a6 10. Nf3 Be7 11. O-O Rc8 12. Rfc1 O-O 13. Qe2 Na5 14. Rab1 Nc4 15.
Ne5 Nd6 16. Bg5 Qd8 17. Qf3 Nfe8 18. Bxe7 Qxe7 19. e4 dxe4 20. Nxe4 f6 21. Nxd7
Qxd7 22. Nc5 Qe7 23. Re1 e5 24. b4 Kh8 25. Qh5 e4 26. Nxe4 Qf7 27. Qxh7+ Kxh7
28. Nxd6+ Qg6 29. Bxg6+ Kxg6 30. Nxc8 1-0

[Event "Druga liga CS - zapad 2014"]
[Site "Sabac"]
[Date "2014.09.27"]
[Round "5.5"]
[White "Tojagic, Dane"]
[Black "Irizanin, Radoje"]
[Result "1-0"]
[WhiteElo "2244"]
[BlackElo "2330"]
[PlyCount "67"]
[EventDate "2014.09.25"]

1. d4 d5 2. c4 e6 3. Nc3 c6 4. e3 Nd7 5. Bd3 Ngf6 6. Nf3 dxc4 7. Bxc4 b5 8. Bb3
Bb7 9. O-O a6 10. e4 b4 11. e5 bxc3 12. exf6 Nxf6 13. bxc3 Be7 14. Rb1 Qc7 15.
Ne5 O-O 16. Qe2 Nd5 17. Bd2 c5 18. Rfe1 Rad8 19. Bc4 a5 20. Bd3 Nf6 21. Bf4 Qc8
22. Nc4 Nd5 23. Bd2 a4 24. Qe4 g6 25. Bh6 Rfe8 26. Qf3 Qc7 27. Ne5 Bf8 28. Bxf8
Rxf8 29. Bf1 Ba8 30. dxc5 Qxc5 31. c4 Ne7 32. Qf6 Rd4 33. Nxf7 Rxf7 34. Rb8+ {
necitko} 1-0

[Event "Druga liga CS - zapad 2014"]
[Site "Sabac"]
[Date "2014.09.27"]
[Round "5.5"]
[White "Smolovic, Mile"]
[Black "Markovic, Dragan P"]
[Result "1-0"]
[WhiteElo "2325"]
[BlackElo "2215"]
[PlyCount "65"]
[EventDate "2014.09.25"]

1. e4 c6 2. d4 d5 3. Nd2 dxe4 4. Nxe4 Nd7 5. Bc4 Ngf6 6. Ng5 e6 7. Qe2 Nb6 8.
Bd3 h6 9. N5f3 Be7 10. Be3 Qc7 11. Ne5 c5 12. Ngf3 Nbd7 13. O-O-O a6 14. Kb1
Nxe5 15. Nxe5 O-O 16. g4 Rd8 17. c3 b6 18. h4 Nd7 19. g5 Nxe5 20. dxe5 Bb7 21.
Rhg1 hxg5 22. Bxg5 Bxg5 23. Rxg5 Kf8 24. Rdg1 Rd5 25. f4 Rad8 26. Bc2 g6 27. h5
Rd2 28. Qe1 Qd7 29. Qe3 gxh5 30. Rxh5 Qd5 31. f5 exf5 32. Rh8+ Ke7 33. Qg5+ 1-0

[Event "Druga liga CS - zapad 2014"]
[Site "Sabac"]
[Date "2014.09.27"]
[Round "5.5"]
[White "Milovanovic, Nenad"]
[Black "Mirkovic, Stevan*"]
[Result "1/2-1/2"]
[WhiteElo "2160"]
[BlackElo "2297"]
[PlyCount "79"]
[EventDate "2014.09.25"]

1. e4 c6 2. d4 d5 3. Nc3 dxe4 4. Nxe4 Nd7 5. Bc4 Ngf6 6. Ng5 e6 7. Qe2 Nb6 8.
Bb3 h6 9. N5f3 a5 10. a4 Be7 11. c3 O-O 12. Ne5 c5 13. Ngf3 Nbd5 14. O-O Qc7
15. Re1 b6 16. h3 Ba6 17. Bc4 Bxc4 18. Nxc4 Rad8 19. Na3 Qb7 20. Nb5 Nc7 21.
Bf4 Nxb5 22. Qxb5 Rc8 23. Be5 Rfd8 24. Qe2 Nd5 25. Red1 c4 26. Ra2 b5 27. axb5
Qxb5 28. Rda1 Ra8 29. Qc2 Rd7 30. Qa4 Rb7 31. Qxb5 Rxb5 32. Nd2 Rc8 33. Rxa5
Rxb2 34. Ra8 Rxa8 35. Rxa8+ Kh7 36. Nxc4 Rb1+ 37. Kh2 f6 38. Bg3 Nxc3 39. Ra6
Rb4 40. Rxe6 1/2-1/2